ბათუმის შოთა რუსთაველის სახელმწიფო უნივერსიტეტის ბიბლიოთეკა

მასდარისა და აწმყოს ფუძის ურთიერთმიმართებისათვის (ბიბ.ჩანაწერი № 51128)

000 -LEADER
fixed length control field 01084nam a2200253Ia 4500
001 - CONTROL NUMBER
control field 18085
003 - CONTROL NUMBER IDENTIFIER
control field GE_BSU
008 - FIXED-LENGTH DATA ELEMENTS--GENERAL INFORMATION
fixed length control field 181216s||||||||xx |||||||||||||| ||und||
020 ## - INTERNATIONAL STANDARD BOOK NUMBER
International Standard Book Number 9994025627
040 ## - CATALOGING SOURCE
Transcribing agency GE_BSU
080 ## - UNIVERSAL DECIMAL CLASSIFICATION NUMBER
Universal Decimal Classification number 811.353.1
100 ## - MAIN ENTRY--PERSONAL NAME
Personal name დოლიძე,ნინო
245 ## - TITLE STATEMENT
Title მასდარისა და აწმყოს ფუძის ურთიერთმიმართებისათვის
245 ## - TITLE STATEMENT
Remainder of title უმაღლესი სასწავლ. სტუდენტისათვის
245 ## - TITLE STATEMENT
Statement of responsibility, etc. რედ.მ. ბარამიძე.
260 ## - PUBLICATION, DISTRIBUTION, ETC.
Place of publication, distribution, etc. ბათუმი
260 ## - PUBLICATION, DISTRIBUTION, ETC.
Name of publisher, distributor, etc. ბათუმის უნივერსიტეტი
260 ## - PUBLICATION, DISTRIBUTION, ETC.
Date of publication, distribution, etc. 2006
300 ## - PHYSICAL DESCRIPTION
Extent 103გვ.21სმ.
300 ## - PHYSICAL DESCRIPTION
Accompanying material ბიბლ.გვ.87-94. წყაროები და მათი შემოკლებანი: გვ.94-102
653 ## - INDEX TERM--UNCONTROLLED
Uncontrolled term მასდარისა და აწმყოს ფუძის ურთიერთმიმართებისათვის
942 ## - ADDED ENTRY ELEMENTS (KOHA)
Koha item type წიგნი
ეგზემპლარები
Withdrawn status Lost status Damaged status Not for loan Date acquired Barcode Date last seen Price effective from Koha item type
        2018-12-17 46142 2018-12-17 2018-12-17 წიგნი
        2018-12-17 46143 2018-12-17 2018-12-17 წიგნი